000 00526nam a2200157 i 4500
001 134070
003 ES-MaACL
005 20230906194606.0
007 t|
008 070905s1917 gw ||||1| ger d
100 1 _aWarneyer, Otto.
_9116117
245 1 4 _aDie Kriegsgesetze, prozessrechtlichen Inhalts
_b: Im Anschluss an Friedrich Steins Kommentar zur Zivilprozessordnung erlèautert /
_cvon Otto Warneyer.
260 _aTübingen :
_bJ.C.B. Mohr,
_c1917.
300 _aXXIII, 314 p. ;
_c26 cm.
852 _aES-MaACL
_jG-927
999 _c134070
_d134070